Twilight Zone Opening Narrations Quiz Stats

 Plays Quiz Updated Sep 28, 2015

Challenge
Share
Tweet
Embed
Score 0/186 Timer 10:00
0 Plays Today
% Correct
a
95.3%
a
95.1%
a
95.1%
a
95.1%
A
95.1%
a
95.1%
a
95.1%
A
95.1%
a
95.1%
a
95.1%
a
95.1%
a
95.1%
the
94.2%
the
94.2%
the
94.2%
the
94.2%
the
94.2%
the
94.2%
the
94.2%
the
94.2%
the
94.2%
the
94.2%
Twilight
90.9%
Twilight
90.9%
Twilight
90.9%
Twilight
90.9%
Zone.
90.8%
Zone!
90.8%
Zone!
90.8%
Zone.
90.8%
You
83.4%
You
83.4%
an
80.1%
of
76.9%
of
76.9%
of
76.9%
of
76.9%
of
76.9%
of
76.9%
of
76.9%
of
76.9%
of
76.9%
of
76.9%
of
76.9%
of
76.9%
of
76.9%
of
76.9%
of
76.9%
is
76.6%
is
76.6%
is
76.6%
is
76.6%
is
76.6%
is
76.6%
is
76.6%
and
76.3%
and
76.3%
and
76.3%
and
76.3%
and
76.3%
and
76.3%
and
76.3%
% Correct
and
76.3%
and
76.3%
are
73.7%
are
73.7%
to
72.3%
dimension
66.8%
dimension
66.2%
dimension
66.2%
dimension
66.2%
dimension,
66.2%
dimension
66.2%
dimension,
66.2%
dimension
66.2%
dimension -
66.2%
dimension
66.2%
dimension
66.2%
we
61.7%
It
60.2%
It
60.2%
it
60.2%
It
60.2%
it
60.2%
There
59.3%
sound
59.2%
sound
59.2%
sound,
59.2%
sight
57.5%
sight
57.5%
sight,
57.5%
This
57.4%
this
57.4%
not
56%
not
56%
mind.
54.9%
mind.
54.9%
mind.
54.9%
that
54.7%
that
54.7%
your
53.3%
but
49.2%
but
49.2%
space
47.8%
another
47.5%
another
47.5%
another
47.5%
into
46.7%
into
46.7%
into
46.7%
into
46.7%
man.
44%
up
42.3%
imagination.
41.8%
imagination.
41.8%
imagination.
41.8%
imagination.
41.8%
You're
41.5%
You're
41.5%
fifth
41.4%
known
39.6%
only
39.2%
only
39.2%
which
38.3%
% Correct
which
38.3%
as
38%
as
38%
as
38%
as
38%
beyond
36.9%
Beyond
36.9%
call
36.4%
stop,
36%
stop,
36%
next
36%
Next
36%
with
35.8%
ahead -
35.5%
through
34.4%
through
34.4%
signpost
33.6%
door
33.1%
journey
32%
journey
32%
traveling
31.7%
traveling
31.7%
just
30.6%
land
29.4%
land
29.4%
land
29.4%
light
28.4%
his
26.8%
area
26.7%
between
26.2%
between
26.2%
between
26.2%
You've
25.2%
man's
24.7%
fears
24.7%
shadow,
24.5%
shadow
24.5%
knowledge.
24.3%
summit
23.8%
vast
23.3%
unlock
23.3%
over
23.2%
pit
23.2%
key
23.1%
lies
21.1%
things
21%
timeless
20.1%
crossed
19.7%
science
19.7%
infinity.
19.5%
whose
18.5%
That's
18.2%
ideas.
18.2%
boundaries
17.5%
superstition,
17.1%
substance,
16.6%
wondrous
16.1%
wondrous
16.1%
middle
15.2%
ground
15%
both
15%
moving
14%

You're not logged in!

Compare scores with friends on all Sporcle quizzes.
Join for Free
OR
Log In

You Might Also Like...

Show Comments

Extras

Top Quizzes Today


Score Distribution

Your Account Isn't Verified!

In order to create a playlist on Sporcle, you need to verify the email address you used during registration. Go to your Sporcle Settings to finish the process.

Report this User

Report this user for behavior that violates our Community Guidelines.

Details: